000 01445nam a2200265Ia 4500
999 _c35837
_d35837
001 1728
003 GE_BSU
005 20240124101737.0
008 181216s1981||||ge |||||||||||||| ||geo||
040 _cGE_BSU
041 _ageo
080 _a070(479.22) ქ–27
245 _aქართული ჟურნალისტიკა :
_bნარკვევები. კრ. 3 /
_cრ. ჩხარტიშვილი, შ. რატიანი, შ. სააკაძე, მ. ტყეშელაშვილი ; შ. რუსთაველის სახ. ქართ. ლიტ-რის ისტორიის ინ-ტი.
264 _aთბილისი :
_b მეცნიერება,
_c1981.
300 _a107 გვ. ;
_b21 სმ.
520 _a რეზ. სტატიების ბოლოს.
541 _h6 ლ.
653 _aქართული ჟურნალისტიკა
700 _aჩხარტიშვილი, რ.
_eავტორი
_93447
700 _aრატიანი, შ.
_eავტორი
_93443
700 _aსააკაძე, შ.
_eავტორი
_921098
700 _aტყეშელაშვილი, მ.
_eავტორი
_93449
710 _aშ. რუსთაველის სახ. ქართული ლიტერატურის ისტორიის ინსტიტუტი.
_921099
942 _cBK
_2udc